000 00663nam a22001935i 4500
001 167984
003 ES-MaACL
005 20230906213639.0
008 051003s1870 gw | |||||||| ||eng d
040 _aCAM
_bspa
_cCAM
100 1 _aWood, Henry
_cMistress (
_d1814-1887)
_9154460
245 1 0 _aBessy Rane
_b: a novel /
_cby Henry Wood.
260 _aLeipzig :
_bBernhard Tauchnitz,
_c1870.
300 _a2 v. (334 ; 336 p.) ;
_c16 cm.
490 1 _aCollection of british authors ;
_v1125 ; 1126
830 0 _aCollection of british authors ;
_v1125 ; 1126
_9180703
852 _aES-MaACL
_jG-12893
_z-- Enc. hol.
_z-- Enc. 2 t. en 1 v.
999 _c167984
_d167984